[Event "ch-USA 2021"]
[Site "Saint Louis USA"]
[Date "2021.10.09"]
[Round "4.4"]
[White "Sevian, Samuel"]
[Black "Swiercz, Dariusz"]
[Result "1/2-1/2"]
[WhiteTitle "GM"]
[BlackTitle "GM"]
[WhiteElo "2654"]
[BlackElo "2647"]
[WhiteFideId "2040506"]
[BlackFideId "1126881"]
[EventDate "2021.10.06"]

1. c4 e6 2. Nc3 d5 3. d4 Be7 4. Nf3 Nf6 5. Bf4 O-O 6. e3 Nbd7 7. cxd5 Nxd5 8.
Nxd5 exd5 9. Be2 Bb4+ 10. Nd2 Nf6 11. a3 Bd6 12. Bxd6 Qxd6 13. Bd3 a5 14. Qc2
Be6 15. O-O h6 16. Rfc1 Rfc8 17. Qc3 b6 18. b4 c6 19. bxa5 Rxa5 20. Qb4 Qc7 21.
Nb3 Raa8 22. a4 Ng4 23. g3 h5 24. a5 bxa5 25. Nxa5 h4 26. Qe1 hxg3 27. hxg3 Qd8
28. Kg2 Qg5 29. Qe2 c5 30. Rh1 cxd4 31. exd4 g6 32. Nb3 Rxa1 33. Rxa1 Kg7 34.
Nc5 Bf5 35. Rh1 Bxd3 36. Nxd3 Qf5 37. Rh4 Nf6 38. Rf4 Qe6 39. Qxe6 fxe6 40. Nc5
Rc6 41. Rf3 Ne4 42. Nxe4 dxe4 43. Rf4 Rc4 44. Rxe4 e5 45. Rxe5 Rxd4 46. Kf3 Kf6
47. Re4 Rd2 48. Ra4 Rb2 49. Ke3 Rc2 50. f3 Rc6 51. Ke4 Re6+ 52. Kf4 Rb6 53. Kg4
Rc6 54. Kh4 Rc3 55. f4 Rc5 56. g4 Kg7 57. Ra7+ Kf8 58. Rd7 Ra5 59. Rb7 Rc5 60.
Kg3 Rc3+ 61. Kf2 Ra3 62. Rd7 Rb3 63. Ke2 Rg3 64. g5 Ra3 65. Rd3 Ra4 66. Ke3 Ke7
67. Rb3 Rc4 68. Rb6 Kf7 69. Rb7+ Kf8 70. Rd7 Ra4 71. Rd4 Ra1 72. Rc4 Re1+ 73.
Kd4 Kf7 74. Rc7+ Kf8 75. Ra7 Kg8 76. Kd5 Kf8 77. Ra6 Kf7 78. Rf6+ Kg7 79. Rb6
Rd1+ 80. Ke4 Re1+ 81. Kd3 Rd1+ 82. Ke2 Ra1 83. Rb7+ Kf8 84. Rd7 Ra3 85. Rd3 Ra1
86. Rb3 Kf7 87. Ke3 Ra4 88. Rb7+ Kf8 89. Rd7 Kg8 90. Rd4 Ra1 91. Ke4 Re1+ 92.
Kd5 Kf7 93. Kd6 Re6+ 94. Kc7 Re7+ 95. Kc6 Re6+ 96. Kc5 Re2 97. Rd7+ Kf8 98. Kd5
Re1 99. Rc7 Kg8 100. Rc4 Kf7 101. Re4 Rd1+ 102. Ke5 Rd8 103. f5 Re8+ 104. Kf4
Rxe4+ 105. Kxe4 gxf5+ 106. Kxf5 Kg7 107. g6 Kg8 108. Kf6 Kf8 109. g7+ Kg8 110.
Kg6 1/2-1/2

[Event "ch-USA 2021"]
[Site "Saint Louis USA"]
[Date "2021.10.09"]
[Round "4.5"]
[White "Shankland, Sam"]
[Black "Dominguez Perez, Leinier"]
[Result "0-1"]
[WhiteTitle "GM"]
[BlackTitle "GM"]
[WhiteElo "2714"]
[BlackElo "2760"]
[WhiteFideId "2004887"]
[BlackFideId "3503240"]
[EventDate "2021.10.06"]

1. d4 d5 2. Nf3 Nf6 3. Bf4 e6 4. e3 c5 5. c3 Bd6 6. Bb5+ Nc6 7. Bxc6+ bxc6 8.
Bxd6 Qxd6 9. Qa4 O-O 10. Nbd2 cxd4 11. cxd4 c5 12. O-O Qa6 13. Qxa6 Bxa6 14.
Rfc1 cxd4 15. Nxd4 Rab8 16. b3 Rfc8 17. N2f3 Kf8 18. Ne5 Ke8 19. f4 Ne4 20. a4
Rxc1+ 21. Rxc1 Rc8 22. Rxc8+ Bxc8 23. b4 f6 24. Nec6 a6 25. Na7 Bd7 26. b5 axb5
27. axb5 Ke7 28. b6 Nc5 29. Nac6+ Bxc6 30. Nxc6+ Kd6 31. Nd4 g6 32. Kf2 e5 33.
fxe5+ fxe5 34. Nf3 Nd7 35. Ng5 h5 36. Nf7+ Ke7 37. Ng5 Nxb6 38. e4 d4 39. Ke2
Nd7 40. Kd3 Nc5+ 41. Kc4 Ne6 42. Nf3 Kd6 43. g3 g5 44. h4 g4 45. Nd2 Nc5 46. Kb5
Nd3 47. Kc4 Nf2 48. Kb4 Kd7 49. Kc4 Nh1 50. Nf1 Kc6 51. Kb4 Kb6 52. Kc4 Ka5 53.
Kd5 Nxg3 54. Nd2 Kb4 55. Nc4 Kc3 0-1

[Event "ch-USA 2021"]
[Site "Saint Louis USA"]
[Date "2021.10.09"]
[Round "4.6"]
[White "Naroditsky, Daniel"]
[Black "Lenderman, Aleksandr"]
[Result "0-1"]
[WhiteTitle "GM"]
[BlackTitle "GM"]
[WhiteElo "2623"]
[BlackElo "2607"]
[WhiteFideId "2026961"]
[BlackFideId "2021285"]
[EventDate "2021.10.06"]

1. d4 Nf6 2. Nf3 d5 3. e3 c5 4. Nbd2 cxd4 5. exd4 Qc7 6. Bd3 Nc6 7. c3 Bg4 8.
Qa4 Bd7 9. Qc2 Rc8 10. a3 Bg4 11. Qa4 e6 12. Ne5 Bh5 13. Nf1 Bd6 14. f4 Bg6 15.
Be2 Be4 16. Ne3 O-O 17. O-O Nd7 18. Qd1 f6 19. Nxd7 Qxd7 20. Bd3 Bxd3 21. Qxd3
f5 22. Bd2 Ne7 23. b3 Rcd8 24. Rad1 Bc7 25. Be1 Ng6 26. Bg3 Bd6 27. Rf3 Qc7 28.
Rdf1 h5 29. h3 h4 30. Bh2 Bxa3 31. b4 Rc8 32. Nd1 a5 33. bxa5 Qxa5 34. Re3 Rf6
35. Rfe1 Rc6 36. Kh1 Bf8 37. g3 hxg3 38. Rxg3 Ne7 39. Reg1 Nc8 40. Qf3 Nd6 41.
Qh5 Qd8 42. R3g2 Qe7 43. Bg3 Qf7 44. Qf3 Rh6 45. h4 Be7 46. Be1 Bf6 47. Nb2 Qh5
48. Qh3 Ne4 49. Nd3 Rc7 50. Ne5 Bxh4 51. Rh2 Bxe1 52. Qxh5 Rxh5 53. Rxh5 Ng3+
54. Rxg3 Bxg3 55. Ng6 Kf7 56. Ne5+ Kf6 57. Rg5 Bxf4 58. Rg6+ Ke7 59. Rxg7+ Kd6
60. Nf7+ Kc6 61. Nd8+ Kb5 62. Rg6 e5 63. dxe5 Bxe5 64. Rg5 Bf6 65. Rxf5 Bxd8 66.
Rxd5+ Kc4 67. Rxd8 Kxc3 68. Rd5 Rg7 69. Rh5 Kb4 70. Rh4+ Ka5 71. Rh2 b5 72. Ra2+
Kb4 73. Rb2+ Kc4 74. Rc2+ Kb3 0-1

[Event "ch-USA 2021"]
[Site "Saint Louis USA"]
[Date "2021.10.11"]
[Round "5.1"]
[White "Caruana, Fabiano"]
[Black "Naroditsky, Daniel"]
[Result "0-1"]
[WhiteTitle "GM"]
[BlackTitle "GM"]
[WhiteElo "2800"]
[BlackElo "2623"]
[WhiteFideId "2020009"]
[BlackFideId "2026961"]
[EventDate "2021.10.06"]

1. e4 e5 2. Nf3 Nc6 3. Bb5 a6 4. Ba4 d6 5. O-O Bd7 6. c3 Nf6 7. Re1 g6 8. d4 Bg7
9. Nbd2 exd4 10. cxd4 O-O 11. h3 Nb4 12. Bxd7 Qxd7 13. Qb3 a5 14. a3 Nc6 15. Nf1
a4 16. Qd3 Na5 17. Bg5 Nb3 18. Rad1 h6 19. Bxf6 Bxf6 20. N1d2 Na5 21. Nb1 b5 22.
Qc2 Bg7 23. Nc3 c6 24. e5 Rfe8 25. Ne4 Nc4 26. exd6 Nxd6 27. Ne5 Qf5 28. g4 Qe6
29. Nc3 Rac8 30. Re2 Qb3 31. Qxb3 axb3 32. Kg2 c5 33. dxc5 Nc4 34. Nxc4 Rxe2 35.
Nxe2 bxc4 36. Rc1 Bxb2 37. Rxc4 Bxa3 38. c6 b2 39. Nc3 Bf8 40. Nb1 Bg7 41. Kf3
Kf8 42. h4 Ke7 43. h5 Kd6 44. hxg6 fxg6 45. Rb4 Rxc6 46. Rb7 Be5 47. Nd2 Rc2 48.
Ke3 Kc6 49. Rb3 Rc3+ 50. Rxc3+ Bxc3 51. Nb1 Bb4 52. f4 Kd5 53. Kd3 h5 54. f5
hxg4 55. fxg6 Ke6 56. Ke4 g3 57. Kf3 Bd6 0-1

[Event "ch-USA 2021"]
[Site "Saint Louis USA"]
[Date "2021.10.11"]
[Round "5.2"]
[White "Dominguez Perez, Leinier"]
[Black "Burke, John M"]
[Result "1/2-1/2"]
[WhiteTitle "GM"]
[BlackTitle "GM"]
[WhiteElo "2760"]
[BlackElo "2554"]
[WhiteFideId "3503240"]
[BlackFideId "2070901"]
[EventDate "2021.10.06"]

1. e4 e5 2. Nf3 Nc6 3. Bb5 a6 4. Ba4 Nf6 5. O-O Be7 6. Re1 b5 7. Bb3 O-O 8. c3
d5 9. exd5 Nxd5 10. Nxe5 Nxe5 11. Rxe5 c6 12. d3 Bd6 13. Re1 Bf5 14. Qf3 Qh4 15.
g3 Qh3 16. Be3 Bxd3 17. Nd2 Bf5 18. Bd4 Rfd8 19. a4 Bg4 20. Qe4 Rac8 21. Nf3 Bf5
22. Ng5 Bxe4 23. Nxh3 Bf5 24. Ng5 Bf8 25. axb5 axb5 26. Ra7 Bg6 27. Rb7 c5 28.
Rxb5 cxd4 29. Rxd5 Rxd5 30. Bxd5 dxc3 31. bxc3 Rxc3 32. Be4 h6 33. Bxg6 hxg5 34.
Be4 g6 35. Re2 Kg7 36. Rc2 Rxc2 37. Bxc2 Bc5 38. Kg2 Bb6 39. Bd3 Bc5 40. Bc2 Bb6
41. Bd3 Bc5 42. Bc2 1/2-1/2

[Event "ch-USA 2021"]
[Site "Saint Louis USA"]
[Date "2021.10.11"]
[Round "5.3"]
[White "Swiercz, Dariusz"]
[Black "Robson, Ray"]
[Result "1/2-1/2"]
[WhiteTitle "GM"]
[BlackTitle "GM"]
[WhiteElo "2647"]
[BlackElo "2669"]
[WhiteFideId "1126881"]
[BlackFideId "2023970"]
[EventDate "2021.10.06"]

1. e4 e5 2. Nf3 Nc6 3. Bc4 Nf6 4. d3 Bc5 5. c3 O-O 6. O-O d6 7. Re1 h6 8. h3 a6
9. a4 Ba7 10. b4 Re8 11. Nbd2 Be6 12. Bxe6 Rxe6 13. Qc2 Qd7 14. Nf1 d5 15. Be3
d4 16. cxd4 Nxd4 17. Nxd4 Bxd4 18. Bxd4 Qxd4 19. Qxc7 Qxd3 20. Qxb7 Ree8 21.
Red1 Qxe4 22. Qxe4 Nxe4 23. Rac1 Rec8 24. Rxc8+ Rxc8 25. Ne3 Nc3 26. Rd6 Nxa4
27. Rxa6 Nc3 28. Ra5 Rb8 29. Rc5 Na4 30. Rxe5 Rxb4 31. g4 Nc3 32. Kg2 Ne4 33.
Nd5 Ra4 34. Nb6 Rd4 35. Re8+ Kh7 36. Nd7 Rxd7 37. Rxe4 g5 38. Ra4 Rd3 39. Re4
Kg7 40. Ra4 Kh7 41. Re4 Kg7 42. Ra4 Kh7 1/2-1/2

[Event "ch-USA 2021"]
[Site "Saint Louis USA"]
[Date "2021.10.11"]
[Round "5.4"]
[White "Bruzon Batista, Lazaro"]
[Black "So, Wesley"]
[Result "1/2-1/2"]
[WhiteTitle "GM"]
[BlackTitle "GM"]
[WhiteElo "2645"]
[BlackElo "2778"]
[WhiteFideId "3503739"]
[BlackFideId "5202213"]
[EventDate "2021.10.06"]

1. e4 e5 2. Nf3 Nf6 3. Nxe5 d6 4. Nd3 Nxe4 5. Qe2 Qe7 6. Nf4 Nc6 7. c3 Nf6 8. d4
g5 9. Qxe7+ Nxe7 10. Ne2 h6 11. Ng3 Nf5 12. Bd3 Nxg3 13. hxg3 Bg7 14. Na3 Be6
15. Nc4 Nd5 16. Ne3 c5 17. Be4 Nxe3 18. Bxe3 d5 19. Bc2 cxd4 20. Bxd4 Bxd4 21.
cxd4 Rc8 22. Bd3 Ke7 23. Kd2 Rc6 24. b3 a5 25. Rac1 Rxc1 26. Rxc1 Rc8 27. Rh1
Rh8 28. Rc1 Rc8 29. Rh1 Rh8 30. Rc1 1/2-1/2

[Event "ch-USA 2021"]
[Site "Saint Louis USA"]
[Date "2021.10.11"]
[Round "5.5"]
[White "Lenderman, Aleksandr"]
[Black "Sevian, Samuel"]
[Result "1-0"]
[WhiteTitle "GM"]
[BlackTitle "GM"]
[WhiteElo "2607"]
[BlackElo "2654"]
[WhiteFideId "2021285"]
[BlackFideId "2040506"]
[EventDate "2021.10.06"]

1. d4 Nf6 2. c4 e6 3. Nf3 d5 4. Nc3 Bb4 5. e3 O-O 6. Bd3 c5 7. cxd5 exd5 8. dxc5
Nbd7 9. Bd2 Nxc5 10. Be2 Ne6 11. Qb3 Ba5 12. O-O d4 13. exd4 Nxd4 14. Nxd4 Qxd4
15. Rad1 Qb4 16. Qxb4 Bxb4 17. Bf3 Ba5 18. Bf4 Bxc3 19. bxc3 Bg4 20. Bxb7 Bxd1
21. Bxa8 Be2 22. Re1 Bc4 23. Bb7 Bxa2 24. Ra1 Re8 25. Be3 Re7 26. Bf3 Bd5 27.
Be2 h6 28. Rxa7 Rxa7 29. Bxa7 Bb7 30. Bd4 Nd7 31. Bb5 Nf8 32. Bc5 Ne6 33. Bd6 g6
34. f3 Kg7 35. Kf2 h5 36. h4 Bd5 37. c4 Bb7 38. Ke3 Kf6 39. Bb4 Nd8 40. Bc3+ Ke7
41. Be1 Nc6 42. Bg3 Ke6 43. Bf2 Kf5 44. Ba4 Ke6 45. Be1 Kd6 46. Bb5 Ke6 47. Kd3
Kd6 48. Bg3+ Ke6 49. Kc3 f6 50. Ba4 Ne7 51. Bf2 Nc6 52. Be3 Ne7 53. Bf2 Nc6 54.
Bc2 Ne7 55. Kb4 g5 56. Kb5 Kd7 57. Kb6 Bc6 58. Kc5 Ke6 59. Be1 Kd7 60. Bg3 Bb7
61. Be1 Bc6 62. hxg5 fxg5 63. Bd2 g4 64. fxg4 hxg4 65. g3 Bf3 66. Bf4 Ke6 67.
Bh7 Be2 68. Be4 Bf3 69. Bd3 Nc6 70. Bc2 Ne5 71. Kd4 Nc6+ 72. Kc3 Ne7 73. Bh7 Kf7
74. Bc2 Ke6 75. Bb3 Nc6 76. Ba4 Kf6 77. Bc2 Ke6 78. Be3 Ke5 79. Bh7 Ne7 80. Bd4+
Ke6 81. Bd3 Nc6 82. Bc5 Ne5 83. Bf1 Nc6 84. Be3 Ke5 85. Bd3 Ke6 86. Bc2 Ke5 87.
Bh7 Ne7 88. Kb4 Ke6 89. Kb5 Be2 90. Bf4 Kf7 91. Bc2 Ke6 92. Kc5 Nf5 93. Be4 Ne7
94. Bb7 Bf3 95. Ba6 Be2 96. Kb6 Ng6 97. Bc7 Ne5 98. Bc8+ Nd7+ 99. Kc6 Bf3+ 100.
Kb5 Be2 101. Bf4 Ke7 102. Kc6 Nf6 103. c5 Bf3+ 104. Kb5 Kd8 105. Bf5 Nd5 106.
Bd6 Be2+ 107. Ka5 Ne3 108. Be4 Nc4+ 109. Kb4 Bf3 110. Bd3 Ne3 111. Kc3 Nd5+ 112.
Kd4 Ne7 113. Ke5 Nc6+ 114. Kf4 Nd4 115. Ke3 Ne6 116. Bf5 Ng5 117. Kd4 Nf7 118.
Bg6 Ng5 119. Ke5 Kd7 120. Bf5+ Kc6 121. Kf4 Nh3+ 122. Ke3 Ng1 123. Bd3 Bd5 124.
Bc2 Nf3 125. Ba4+ Kb7 126. Bd7 Nh2 127. Kf4 Bf3 128. Kg5 Bd5 129. Bxg4 Nxg4 130.
Kxg4 Kc6 131. Kf5 Kd7 132. g4 Be6+ 133. Kg5 Kc6 134. Kh5 Kd7 135. g5 Bc4 136.
Kh6 Bb3 137. g6 Bc4 138. Kg7 Bd3 139. Kf7 Bc4+ 140. Kf8 1-0

[Event "ch-USA 2021"]
[Site "Saint Louis USA"]
[Date "2021.10.11"]
[Round "5.6"]
[White "Xiong, Jeffery"]
[Black "Shankland, Sam"]
[Result "1-0"]
[WhiteTitle "GM"]
[BlackTitle "GM"]
[WhiteElo "2700"]
[BlackElo "2714"]
[WhiteFideId "2047640"]
[BlackFideId "2004887"]
[EventDate "2021.10.06"]

1. Nf3 c5 2. c3 d5 3. d4 e6 4. Bf4 Bd6 5. e3 Nc6 6. Bg3 Nge7 7. Nbd2 cxd4 8.
exd4 O-O 9. Bd3 Ng6 10. Qc2 f5 11. Bxd6 Qxd6 12. O-O Bd7 13. Rfe1 Rae8 14. Bb5
Nb8 15. Bf1 Nc6 16. Bb5 Nb8 17. a4 a6 18. Bf1 Nc6 19. b4 Nd8 20. b5 axb5 21.
axb5 Nf7 22. c4 e5 23. c5 Qf6 24. dxe5 Nfxe5 25. Qa4 Nxf3+ 26. Nxf3 Re4 27. Qa7
Bc8 28. Red1 Nf4 29. Rac1 Re7 30. Qb8 g5 31. c6 bxc6 32. Rxc6 Bd7 33. Rxf6 Rxb8
34. Nd4 Re5 35. Rd6 Rb7 36. b6 Re7 37. g3 Ng6 38. Bg2 1-0

[Event "ch-USA 2021"]
[Site "Saint Louis USA"]
[Date "2021.10.12"]
[Round "6.1"]
[White "Shankland, Sam"]
[Black "Burke, John M"]
[Result "1-0"]
[WhiteTitle "GM"]
[BlackTitle "GM"]
[WhiteElo "2714"]
[BlackElo "2554"]
[WhiteFideId "2004887"]
[BlackFideId "2070901"]
[EventDate "2021.10.06"]

1. c4 Nf6 2. Nf3 c5 3. b3 Nc6 4. Bb2 d5 5. cxd5 Qxd5 6. Nc3 Qf5 7. e3 e5 8. Nb5
Rb8 9. d3 a6 10. e4 Qh5 11. Na3 Bg4 12. Be2 b5 13. Nc2 Nd4 14. Nfxd4 exd4 15. b4
Rd8 16. h3 Bxe2 17. Qxe2 Qxe2+ 18. Kxe2 Nxe4 19. a4 Nc3+ 20. Bxc3 dxc3 21. bxc5
Bxc5 22. axb5 axb5 23. Rhb1 O-O 24. Rxb5 Rfe8+ 25. Kf1 Be7 26. d4 Kf8 27. Ra7
Ra8 28. Rxa8 Rxa8 29. Ke2 Ba3 30. Kd3 Bb2 31. Re5 Rd8 32. Ra5 Rd7 33. Ra4 g6 34.
Ne3 Ke7 35. Rc4 Kf6 36. Nd1 Ra7 37. Nxc3 Ra3 38. Kd2 Bxc3+ 39. Rxc3 Ra2+ 40. Ke3
h5 41. h4 Rb2 42. g3 Ra2 43. Rd3 Ke6 44. Rd2 Ra3+ 45. Ke4 Ra1 46. Kf4 Kf6 47. f3
Rb1 48. Re2 Rd1 49. Re4 Ra1 50. g4 hxg4 51. fxg4 Rf1+ 52. Ke3 Re1+ 53. Kd3 Ra1
54. Kc4 Kg7 55. g5 f5 56. Re7+ Kf8 57. Re6 Ra4+ 58. Kc5 Kg7 59. d5 Rxh4 60. d6
Kf7 61. d7 Rh8 62. Kd6 1-0

[Event "ch-USA 2021"]
[Site "Saint Louis USA"]
[Date "2021.10.12"]
[Round "6.2"]
[White "Sevian, Samuel"]
[Black "Caruana, Fabiano"]
[Result "1-0"]
[WhiteTitle "GM"]
[BlackTitle "GM"]
[WhiteElo "2654"]
[BlackElo "2800"]
[WhiteFideId "2040506"]
[BlackFideId "2020009"]
[EventDate "2021.10.06"]

1. e4 e5 2. Nf3 Nc6 3. Nc3 Nf6 4. d4 exd4 5. Nxd4 Bb4 6. Nxc6 bxc6 7. Bd3 O-O 8.
O-O d6 9. Bg5 h6 10. Bh4 g5 11. Bg3 Qe7 12. Na4 Ba5 13. c3 Bb6 14. Nxb6 axb6 15.
Qe2 Bg4 16. Qe3 Nh5 17. f4 d5 18. fxg5 Nxg3 19. Qxg3 Qxg5 20. h4 Qg7 21. Qxc7 d4
22. c4 Rfc8 23. Qd6 c5 24. Rf6 Bh3 25. Rf2 Kh8 26. Qxb6 Rg8 27. e5 Rae8 28. Re1
f5 29. Bf1 f4 30. Qxc5 f3 31. e6 fxg2 32. Bd3 Bxe6 33. Qe5 Qxe5 34. Rxe5 Bh3 35.
Re4 Rxe4 36. Bxe4 d3 37. Bxd3 Re8 38. Be2 Kg7 39. a4 Re3 40. a5 Re5 41. b4 Re3
42. Rf3 1-0

[Event "ch-USA 2021"]
[Site "Saint Louis USA"]
[Date "2021.10.12"]
[Round "6.3"]
[White "So, Wesley"]
[Black "Dominguez Perez, Leinier"]
[Result "1/2-1/2"]
[WhiteTitle "GM"]
[BlackTitle "GM"]
[WhiteElo "2778"]
[BlackElo "2760"]
[WhiteFideId "5202213"]
[BlackFideId "3503240"]
[EventDate "2021.10.06"]

1. d4 d5 2. c4 dxc4 3. Nf3 Nf6 4. e3 e6 5. Bxc4 a6 6. O-O c5 7. dxc5 Bxc5 8.
Qxd8+ Kxd8 9. Be2 Ke7 10. Nbd2 b6 11. Nc4 Nc6 12. Bd2 b5 13. Nce5 Nxe5 14. Nxe5
Bb7 15. Rfc1 Bd6 16. Nc6+ Bxc6 17. Rxc6 Rhc8 18. Rac1 Rxc6 19. Rxc6 Kd7 20. Rc2
Nd5 21. Bf3 Rc8 22. Rxc8 Kxc8 23. Bxd5 exd5 24. Bc3 g6 25. Kf1 Kd7 26. Ke2 Ke6
27. h3 h5 28. Kd3 Bc5 29. f3 f5 30. b3 Be7 31. a4 Bc5 32. axb5 axb5 33. Bd4 Be7
34. Bc3 Bc5 35. Bd4 Be7 36. Bg7 Bc5 37. Bd4 1/2-1/2

[Event "ch-USA 2021"]
[Site "Saint Louis USA"]
[Date "2021.10.12"]
[Round "6.4"]
[White "Robson, Ray"]
[Black "Lenderman, Aleksandr"]
[Result "1/2-1/2"]
[WhiteTitle "GM"]
[BlackTitle "GM"]
[WhiteElo "2669"]
[BlackElo "2607"]
[WhiteFideId "2023970"]
[BlackFideId "2021285"]
[EventDate "2021.10.06"]

1. e4 c5 2. Nf3 Nc6 3. Bb5 g6 4. Bxc6 bxc6 5. d4 cxd4 6. Qxd4 f6 7. Qa4 Qb6 8.
c4 Qa6 9. Qc2 d5 10. cxd5 cxd5 11. exd5 Bf5 12. Qe2 Bd3 13. Qe6 Qxe6+ 14. dxe6
Nh6 15. Nc3 Nf5 16. Nd5 O-O-O 17. Nb4 Bc4 18. g4 Ng7 19. Be3 Kb7 20. Rc1 Rc8 21.
Nd4 Bxe6 22. O-O Bxg4 23. Nb3 e5 24. Na5+ Ka8 25. Rxc8+ Bxc8 26. Nd5 Bd6 27.
Nxf6 Nf5 28. Rd1 Be6 29. a3 Rc8 30. b4 Nxe3 31. fxe3 Be7 32. Nd5 Bd8 33. Nb3 Bb6
34. Kf2 Rc2+ 35. Kf3 Rxh2 36. Nc5 Bf5 37. e4 Bc8 38. Ne7 Kb8 39. Nc6+ Kc7 40.
Nxe5 Bxc5 41. Rc1 Rh3+ 42. Kf4 Rh4+ 43. Kf3 Rh3+ 44. Kf4 Rh4+ 45. Kf3 Rh3+ 46.
Kf4 1/2-1/2

[Event "ch-USA 2021"]
[Site "Saint Louis USA"]
[Date "2021.10.12"]
[Round "6.5"]
[White "Naroditsky, Daniel"]
[Black "Bruzon Batista, Lazaro"]
[Result "1/2-1/2"]
[WhiteTitle "GM"]
[BlackTitle "GM"]
[WhiteElo "2623"]
[BlackElo "2645"]
[WhiteFideId "2026961"]
[BlackFideId "3503739"]
[EventDate "2021.10.06"]

1. e4 e5 2. Nf3 Nc6 3. c3 Nf6 4. d4 exd4 5. e5 Nd5 6. Bc4 Nb6 7. Bb3 d5 8. exd6
Bxd6 9. O-O O-O 10. Bg5 Qe8 11. Nxd4 Qe5 12. Nf3 Qa5 13. Nbd2 h6 14. Bh4 Bf5 15.
Bc2 Rfe8 16. b4 Bxc2 17. Qxc2 Qh5 18. Bg3 Bxg3 19. hxg3 Rad8 20. Rfe1 Nd7 21.
Nc4 Nf6 22. Rxe8+ Rxe8 23. Re1 Rxe1+ 24. Nxe1 a5 25. a3 axb4 26. axb4 Ne5 27.
Nxe5 Qxe5 28. Nf3 Qe6 29. Qd3 c6 30. Qd8+ Kh7 31. Qd3+ Kg8 32. Qd8+ Kh7 33. Qd3+
g6 34. c4 Qe7 35. Qd4 Kg7 36. Qc3 Qe2 37. Qd4 Qe7 38. Qc3 Qe2 39. Qd4 Qe7 40.
Qc3 1/2-1/2

[Event "ch-USA 2021"]
[Site "Saint Louis USA"]
[Date "2021.10.12"]
[Round "6.6"]
[White "Xiong, Jeffery"]
[Black "Swiercz, Dariusz"]
[Result "1/2-1/2"]
[WhiteTitle "GM"]
[BlackTitle "GM"]
[WhiteElo "2700"]
[BlackElo "2647"]
[WhiteFideId "2047640"]
[BlackFideId "1126881"]
[EventDate "2021.10.06"]

1. e4 c5 2. Nc3 a6 3. g3 b5 4. Bg2 Bb7 5. Nh3 e6 6. O-O b4 7. Na4 Nf6 8. d3 d6
9. c3 bxc3 10. bxc3 Nbd7 11. Re1 Bc6 12. d4 cxd4 13. cxd4 d5 14. exd5 Bxd5 15.
Nf4 Bxg2 16. Kxg2 Qa5 17. d5 e5 18. d6 Qb4 19. Bb2 Bxd6 20. Rb1 Qb7+ 21. Kg1 Qc7
22. Nd5 Nxd5 23. Qxd5 Rd8 24. Bc3 Nf6 25. Bxe5 O-O 26. Bxf6 gxf6 27. Rbc1 Qd7
28. Rc6 Rfe8 29. Rd1 Qg4 30. Rxd6 Rxd6 31. Qxd6 Qxa4 32. Rd4 Re1+ 33. Kg2 Re6
34. Qb8+ Re8 35. Rxa4 Rxb8 36. Rxa6 Rb2 37. a4 Ra2 38. Kf3 Kg7 39. a5 h5 40. Ra8
Kg6 41. a6 f5 42. Ra7 Ra3+ 43. Ke2 f4 44. Ra8 fxg3 45. hxg3 Kg7 46. Kd2 Rf3 47.
Rc8 Rxf2+ 48. Kc3 Ra2 49. Rc6 f5 50. Kb4 f4 51. gxf4 h4 52. Kb5 h3 53. Rc3 h2
54. Rh3 Rb2+ 55. Kc6 Ra2 56. Rxh2 Rxh2 57. a7 Ra2 58. Kb7 Kf6 59. f5 Rxa7+ 60.
Kxa7 Kxf5 1/2-1/2

[Event "ch-USA 2021"]
[Site "Saint Louis USA"]
[Date "2021.10.13"]
[Round "7.1"]
[White "Dominguez Perez, Leinier"]
[Black "Naroditsky, Daniel"]
[Result "1/2-1/2"]
[WhiteTitle "GM"]
[BlackTitle "GM"]
[WhiteElo "2760"]
[BlackElo "2623"]
[WhiteFideId "3503240"]
[BlackFideId "2026961"]
[EventDate "2021.10.06"]

1. e4 e5 2. Nf3 Nc6 3. Bb5 f5 4. Nc3 fxe4 5. Nxe4 Nf6 6. Nxf6+ Qxf6 7. Qe2 Be7
8. Bxc6 bxc6 9. Nxe5 Bb7 10. O-O O-O-O 11. b3 Qf5 12. Bb2 Qxc2 13. Nc4 Rde8 14.
Qh5 Bf6 15. Bxf6 gxf6 16. Qc5 Qe4 17. f3 Qd5 18. Qxa7 c5 19. Na5 Qd4+ 20. Kh1
Bd5 21. Qa6+ Kb8 22. Rac1 Rhg8 23. Qb5+ Kc8 24. Qa6+ Kb8 25. Qb5+ Kc8 26. Qxc5
Qxc5 27. Rxc5 c6 28. Nc4 Bxc4 29. Rxc4 Re2 30. g3 Rxd2 31. Ra4 Kb7 32. Kg1 d5
33. Rf2 Rd1+ 34. Rf1 Rd2 35. Rf2 Rd1+ 36. Kg2 Re8 37. Rh4 Re7 38. Rf4 Re6 39.
Rh4 Re7 40. Rf4 Re6 41. Rb2 d4 42. Re4 Rxe4 43. fxe4 c5 44. Rf2 Ra1 45. Rc2 Kb6
46. Kf3 Re1 47. Re2 Rf1+ 48. Rf2 Re1 49. Re2 Rf1+ 50. Rf2 Re1 51. Re2 1/2-1/2

[Event "ch-USA 2021"]
[Site "Saint Louis USA"]
[Date "2021.10.13"]
[Round "7.2"]
[White "Swiercz, Dariusz"]
[Black "Shankland, Sam"]
[Result "1/2-1/2"]
[WhiteTitle "GM"]
[BlackTitle "GM"]
[WhiteElo "2647"]
[BlackElo "2714"]
[WhiteFideId "1126881"]
[BlackFideId "2004887"]
[EventDate "2021.10.06"]

1. e4 e5 2. Nf3 Nc6 3. Bb5 Nf6 4. O-O Nxe4 5. d4 Nd6 6. Bxc6 dxc6 7. dxe5 Nf5 8.
Qxd8+ Kxd8 9. h3 Bd7 10. Rd1 Be7 11. a4 a5 12. Ng5 Ke8 13. Nxf7 Kxf7 14. Rxd7
Rad8 15. Rd2 Ke6 16. Nc3 Rxd2 17. Bxd2 Nd4 18. Rc1 Bb4 19. Kf1 Kxe5 20. Nb1 Ne6
21. c3 Bc5 22. b4 Bb6 23. Na3 Ra8 24. Nc4+ Kf6 25. Ra1 Ke7 26. Ra2 Kd7 27. g3
axb4 28. cxb4 Bd4 29. Ra3 b6 30. f4 g6 31. Ke2 Re8 32. Kf3 b5 33. axb5 cxb5 34.
Ne3 Kc6 35. Rd3 Ra8 36. g4 Bb6 37. Bc3 Ra3 38. Ke4 Ra2 39. Nd5 Re2+ 40. Kf3 Rf2+
41. Kg3 Ba7 42. Be5 Re2 43. h4 Re4 44. Kf3 Rc4 45. h5 gxh5 46. gxh5 Nd4+ 47. Ke4
Nc2+ 48. Kf5 Nd4+ 49. Ke4 Nc2+ 50. Kf5 Nd4+ 51. Bxd4 Bxd4 52. Ke6 Bb2 53. h6 Bc1
54. Kf5 Kb7 55. Rf3 Bb2 56. Re3 Kc6 57. Rd3 Kb7 58. Rd2 Bc1 59. Rf2 c5 60. bxc5
Kc6 61. Nf6 b4 62. Nxh7 b3 63. Nf6 b2 64. Rxb2 Rxf4+ 65. Ke5 Bxb2+ 66. Kxf4 Bxf6
67. h7 Kxc5 68. h8=Q Bxh8 1/2-1/2

[Event "ch-USA 2021"]
[Site "Saint Louis USA"]
[Date "2021.10.13"]
[Round "7.3"]
[White "Caruana, Fabiano"]
[Black "Robson, Ray"]
[Result "1-0"]
[WhiteTitle "GM"]
[BlackTitle "GM"]
[WhiteElo "2800"]
[BlackElo "2669"]
[WhiteFideId "2020009"]
[BlackFideId "2023970"]
[EventDate "2021.10.06"]

1. c4 e5 2. Nc3 Nf6 3. g3 Bb4 4. e4 Nc6 5. Bg2 d6 6. h3 Be6 7. d3 Nd7 8. Ne2 f5
9. O-O O-O 10. f4 Bxc3 11. Nxc3 fxe4 12. Nxe4 h6 13. g4 exf4 14. Bxf4 d5 15.
cxd5 Bxd5 16. Qd2 Nd4 17. Rae1 Ne6 18. Bg3 Rxf1+ 19. Rxf1 Ndc5 20. Qc3 Nxe4 21.
dxe4 Bc6 22. Qb3 Qd4+ 23. Kh2 Re8 24. Rd1 Qa4 25. Qxa4 Bxa4 26. Rd5 Bc6 27. Re5
g5 28. Bf1 Kg7 29. Kg2 Kf6 30. Kf2 Nf4 31. Rxe8 Bxe8 32. Ke3 Ke5 33. Be1 Ne6 34.
Bc4 Bg6 35. b4 a6 36. a4 Nf4 37. Bc3+ Kd6 38. Bg7 h5 39. Bf1 hxg4 40. hxg4 Ne6
41. Bf6 Kd7 42. a5 Kd6 43. Bc4 Kd7 44. Bd5 c6 45. Bc4 Bh7 46. Bd4 Bg6 47. Bf6
Bh7 48. Bf1 Ke8 49. Bd3 Bg6 50. Bc4 Kd7 51. Bd4 Bh7 52. Ba7 Bg6 53. Bb3 Ke7 54.
Bc2 Kd7 55. Kf3 Bh7 56. Be3 Bg6 57. Bd3 Ke7 58. Ke2 Ke8 59. Kd2 Kf8 60. Bc5+ Kg7
61. Ke3 Kg8 62. Bc4 Bf7 63. Be7 Kg7 64. e5 Kg8 65. Kd2 Kg7 66. Bd3 Kg8 67. Bf5
Kg7 68. Kd3 Nf4+ 69. Kd4 Ne6+ 70. Kc4 Kg8 71. Bxg5 Nxg5+ 72. Kc5 Bd5 73. Bc8
Ne6+ 74. Kd6 Kf7 75. Bxb7 Bc4 76. Bxc6 Nd4 77. Bd5+ Bxd5 78. Kxd5 Nb5 79. g5 Ke7
80. g6 Nc3+ 81. Kc6 Na2 82. b5 axb5 83. Kxb5 Nc3+ 84. Kc4 Na4 85. Kb4 Nb2 86. a6
Nd3+ 87. Kb5 Nf4 88. g7 Kf7 89. a7 Nd5 90. g8=B+ 1-0